000
00285nam a22001337a 4500
008
171024b xxu||||| |||| 00| 0 eng d
020
_a
09710787
041
_a
eng
080
_a
311
100
_a
55
101
_a
STA
245
_a
FERTILISER STATISTICS
_c
DUBEY,A.C
942
_2
udc
_c
BK
999
_c
35686
_d
35686